| 000 | 00781cam a22002534a 4500 | ||
|---|---|---|---|
| 020 | _a9780754677307 (alk. paper) | ||
| 020 | _a0754677303 (alk. paper) | ||
| 020 | _a9780754694472 (ebook) | ||
| 020 | _a075469447X (ebook) | ||
| 040 | _cDLC | ||
| 082 | 0 | 0 | _a345 INT 2009 C162 Or. |
| 082 | 4 | _a340.2 | |
| 100 | 1 | _aCipriani, Don | |
| 245 | 1 | 0 |
_aChildren's rights and the minimum age of criminal responsibility : _ba global perspective / |
| 260 |
_aFarnham, England ; _aBurlington, VT : _bAshgate Pub., _cc2009 |
||
| 300 |
_axvi, 232 p. : _bill. ; _c24 cm |
||
| 490 | 1 | _aAdvances in criminology | |
| 650 | 0 | _aCriminal liability | |
| 650 | 0 | _aCapacity and disability | |
| 650 | 0 | _aAge (Law) | |
| 650 | 0 | _aChildren | |
| 650 | 0 | _aChildren (International law) | |
| 942 | _cAEDBB | ||
| 999 |
_c19298 _d19298 |
||